Historia breve de China /

সংরক্ষণ করুন:
গ্রন্থ-পঞ্জীর বিবরন
প্রধান লেখক: Ceinos, Pedro (autor)
বিন্যাস: গ্রন্থ
ভাষা:স্প্যানিশ
প্রকাশিত: Madrid, España : Sílex, 2006, c2006
সংস্করন:2a edición
মালা:(Historia Sílex)
বিষয়গুলি:
ট্যাগগুলো: ট্যাগ যুক্ত করুন
কোনো ট্যাগ নেই, প্রথমজন হিসাবে ট্যাগ করুন!

MARC

LEADER 00000nam^a2200000^a^4500
001 000281663
005 20250521000000.0
008 081006 20062006
009 20260310111542.551
020 |a 84-7737-173-3 
037 |a Acervo ITESO - Biblioteca 
041 |a ESP 
082 |a 951.  |b CEN 
100 |a Ceinos, Pedro  |e (autor) 
245 1 0 |a Historia breve de China /  |c P. Ceinos. 
250 |a 2a edición 
264 4 |a Madrid, España :  |b Sílex,  |c 2006, c2006 
300 |a 354 p. 
336 |a texto  |b txt  |2 rdacontenido 
337 |a sin mediación  |b n  |2 rdamedio 
338 |a volumen  |b nc  |2 rdasoporte 
440 1 |a (Historia Sílex) 
649 |a XX 
650 |a China -  |x Historia 
910 |a Fondo General 
920 |a Impresos - Libros 
930 |a Colección General 
905 |a 101 
901 |a 0500168010  |b IT1  |c ACC  |u 20250521 
902 |a https://opac.biblio.iteso.mx/vufind/Record/000281663